Development and implementation of traffic control plans for highway work zones / (Record no. 529648)

000 -LEADER
fixed length control field 01297cam a2200337 a 4500
001 - CONTROL NUMBER
control field 4435822
003 - CONTROL NUMBER IDENTIFIER
control field NUST
005 - DATE AND TIME OF LATEST TRANSACTION
control field 20191001101405.0
008 - FIXED-LENGTH DATA ELEMENTS--GENERAL INFORMATION
fixed length control field 950405s1994 dcua b 000 0 eng
010 ## - LIBRARY OF CONGRESS CONTROL NUMBER
LC control number 94061903
020 ## - INTERNATIONAL STANDARD BOOK NUMBER
International Standard Book Number 0309056675
038 ## - RECORD CONTENT LICENSOR
Staff Name MSOHAIL
040 ## - CATALOGING SOURCE
Original cataloging agency DLC
Transcribing agency DLC
050 00 - LIBRARY OF CONGRESS CALL NUMBER
Classification number TE228
Item number .G73 1994
082 00 - DEWEY DECIMAL CLASSIFICATION NUMBER
Classification number 625.760289
Edition number 20
100 1# - MAIN ENTRY--PERSONAL NAME
Personal name Graham, Jerry L.
9 (RLIN) 22062
245 10 - TITLE STATEMENT
Title Development and implementation of traffic control plans for highway work zones /
Statement of responsibility, etc. Jerry L. Graham and James Migletz.
260 ## - PUBLICATION, DISTRIBUTION, ETC.
Place of publication, distribution, etc. Washington, D.C. :
Name of publisher, distributor, etc. National Academy Press,
Date of publication, distribution, etc. 1994.
300 ## - PHYSICAL DESCRIPTION
Extent 37 p. :
Other physical details ill. ;
Dimensions 28 cm.
440 #0 - SERIES STATEMENT/ADDED ENTRY--TITLE
Title Synthesis of highway practice,
International Standard Serial Number 0547-5570 ;
Volume/sequential designation 208
9 (RLIN) 22063
500 ## - GENERAL NOTE
General note At head of title: National Cooperative Highway Research Program.
504 ## - BIBLIOGRAPHY, ETC. NOTE
Bibliography, etc. note Includes bibliographical references.
650 #0 - SUBJECT ADDED ENTRY--TOPICAL TERM
Topical term or geographic name entry element Roads
General subdivision Maintenance and repair
-- Safety measures.
9 (RLIN) 21131
650 #0 - SUBJECT ADDED ENTRY--TOPICAL TERM
Topical term or geographic name entry element Traffic engineering.
9 (RLIN) 394
650 #0 - SUBJECT ADDED ENTRY--TOPICAL TERM
Topical term or geographic name entry element Traffic signs and signals.
9 (RLIN) 21132
700 1# - ADDED ENTRY--PERSONAL NAME
Personal name Migletz, James.
9 (RLIN) 22064
710 2# - ADDED ENTRY--CORPORATE NAME
Corporate name or jurisdiction name as entry element National Cooperative Highway Research Program.
9 (RLIN) 20864
906 ## - LOCAL DATA ELEMENT F, LDF (RLIN)
a 7
b cbc
c orignew
d 2
e opcn
f 19
g y-gencatlg
942 ## - ADDED ENTRY ELEMENTS (KOHA)
Source of classification or shelving scheme
Koha item type Book
Holdings
Withdrawn status Lost status Source of classification or shelving scheme Damaged status Not for loan Permanent Location Current Location Date acquired Total Checkouts Full call number Barcode Date last seen Price effective from Koha item type
          School of Civil and Environmental Engineering (SCEE) School of Civil and Environmental Engineering (SCEE) 10/01/2019   625.760289 NIT-11021 10/01/2019 10/01/2019 Book
© 2023 Central Library, National University of Sciences and Technology. All Rights Reserved.